00293nam a2200133Ia 45000030006000000080041000060400015000471000015000622450039000772600006001163000006001225460014001280050017001420STCL150530s9999 xx 000 0 und d aSTCLcSTCL aNair, N.K. aMalayala Sahityam Oru Pradikshanam c0 a0 aMalayalam20220125171800.0